Making breakthrough innovation happen : (Record no. 4263)
[ view plain ]
| 000 -LEADER | |
|---|---|
| fixed length control field | 00726nam a2200193 a 4500 |
| 005 - DATE AND TIME OF LATEST TRANSACTION | |
| control field | 20260112063315.0 |
| 020 ## - INTERNATIONAL STANDARD BOOK NUMBER | |
| International Standard Book Number | 9788172237745 |
| 039 ## - LEVEL OF BIBLIOGRAPHIC CONTROL AND CODING DETAIL [OBSOLETE] | |
| Level of rules in bibliographic description | 202504231726 |
| Level of effort used to assign nonsubject heading access points | staff |
| Level of effort used to assign subject headings | 202111101607 |
| Level of effort used to assign classification | staff |
| Level of effort used to assign subject headings | 202008261556 |
| Level of effort used to assign classification | staff |
| Level of effort used to assign subject headings | 201409081240 |
| Level of effort used to assign classification | staff |
| -- | 201308221243 |
| -- | staff |
| 082 ## - DEWEY DECIMAL CLASSIFICATION NUMBER | |
| Classification number | 338.064 |
| Item number | MUN [ Shelf 3 ] |
| 100 ## - MAIN ENTRY--PERSONAL NAME | |
| Personal name | Munshi, Porus |
| 245 ## - TITLE STATEMENT | |
| Title | Making breakthrough innovation happen : |
| Remainder of title | how eleven Indians pulled off the impossible / |
| Statement of responsibility, etc. | Porus Munshi |
| 260 ## - PUBLICATION, DISTRIBUTION, ETC. | |
| Place of publication, distribution, etc. | Noida, Uttar Pradesh, India : |
| Name of publisher, distributor, etc. | Collins Business, |
| Date of publication, distribution, etc. | 2009 |
| 300 ## - PHYSICAL DESCRIPTION | |
| Extent | xviii, 236 p. ; |
| Dimensions | 23 cm. |
| 650 ## - SUBJECT ADDED ENTRY--TOPICAL TERM | |
| Topical term or geographic name entry element | Technological innovations |
| 650 ## - SUBJECT ADDED ENTRY--TOPICAL TERM | |
| Topical term or geographic name entry element | India |
| 991 ## - | |
| -- | VIRTUA40 |
| 991 ## - | |
| -- | VTLSSORT0080*0200*0820*1000*2450*2600*3000*6500*6501*9992 |
| 909 ## - | |
| -- | 4788 |
| Withdrawn status | Lost status | Damaged status | Not for loan | Home library | Current library | Date acquired | Total checkouts | Full call number | Barcode | Copy number | Koha item type |
|---|---|---|---|---|---|---|---|---|---|---|---|
| Indian Institute Of Management, Shillong | Indian Institute Of Management, Shillong | 23/08/2013 | 338.064 MUN [ Shelf 3 ] | 0010912 | Reference | ||||||
| Indian Institute Of Management, Shillong | Indian Institute Of Management, Shillong | 23/08/2013 | 338.064 MUN [ Shelf 3 ] | 0010913 | 1 | Book | |||||
| Indian Institute Of Management, Shillong | Indian Institute Of Management, Shillong | 23/08/2013 | 338.064 MUN [ Shelf 3 ] | 0010914 | 2 | Book | |||||
| Indian Institute Of Management, Shillong | Indian Institute Of Management, Shillong | 23/08/2013 | 338.064 MUN [ Shelf 3 ] | 0010915 | 3 | Book | |||||
| Indian Institute Of Management, Shillong | Indian Institute Of Management, Shillong | 23/08/2013 | 338.064 MUN [ Shelf 3 ] | 0010916 | 4 | Book |